000 01084nam a22002777a 4500
003 dpl
005 20180910133346.0
008 180908b xxu||||| |||| 00| 0 eng d
010 _aB-072130
020 _c200.00
_a8170281512
035 _aB-072130, B-072134, A-696645
037 _bCen Lib/Ret
040 _aDPL
_bHN
_c0
082 _a
_bभटना
100 _aभटनागर, राजेन्द्र मोहन
_951681
245 _aयुग पुरुष आंबेडकर /
_cराजेन्द्र मोहन भटनागर
246 _aYugpurush ambedkar /
_bby Rajendra Mohan Bhatnager
260 _aदिल्ली
_bराजपाल एंड संस
_c2002
270 _bदिल्ली
_aकश्मीरी गेट
_e110006
300 _a372पृ.
_c23सेमी(सजिल्द)
650 _aहिन्दी साहित्य
_961100
650 _aउपन्यास
_961101
650 _aHindi literature
_961102
650 _aFiction
_98901
942 _2ddc
_cHN
_h
_mभटना
999 _c115363
_d115363